[Event "DEM U12/U12w 2000"]
[Site "Überlingen GER"]
[Date "2000.06.05"]
[Round "4"]
[White "Reichel, Matti"]
[Black "Ritscher, Martin"]
[Result "0-1"]
[Termination "time forfeit"]
[Board "32"]
[WhiteElo "921"]
[BlackElo "1098"]
[PlyCount "71"]
[EventCountry "GER"]
[EventRounds "11"]
[EventType "swiss"]
[EventDate "2000.06.03"]

1. e4 c5 2. Nf3 e6 3. d4 cxd4 4. Nxd4 Nf6 5. Bg5 Nc6 6. Bb5 Be7 7. O-O Qb6 8.
Nxc6 bxc6 9. Bd3 Qxb2 10. Nd2 O-O 11. Nc4 Qb8 12. f4 d6 13. Rb1 Qc7 14. Rf3 e5
15. Qe1 Re8 16. Qg3 Nh5 17. Qh4 Bxg5 18. Qxg5 Nxf4 19. Rbf1 d5 20. exd5 cxd5
21. Bxh7+ Kxh7 22. Ne3 Be6 23. Rg3 Ne2+ 24. Kh1 Nxg3+ 25. Qxg3 Qc5 26. Qh4+ Kg8
27. Ng4 Bxg4 28. Qxg4 Qc4 29. Qd1 e4 30. Kg1 e3 31. Qf3 Rf8 32. Re1 Qxc2 33.
Qxe3 Rac8 34. Qf3 Qc3 35. Qf2 Qc5 36. Qxc5 0-1

[Event "DEM U12/U12w 2000"]
[Site "Überlingen GER"]
[Date "2000.06.05"]
[Round "4"]
[White "Becker, Erik"]
[Black "Rath, Alina"]
[Result "1-0"]
[Termination "normal"]
[Board "33"]
[WhiteElo "1068"]
[BlackElo "912"]
[PlyCount "159"]
[WhiteFideId "4696921"]
[BlackFideId "24607886"]
[EventCountry "GER"]
[EventRounds "11"]
[EventType "swiss"]
[EventDate "2000.06.03"]

1. e4 c5 2. Nf3 g6 3. d4 cxd4 4. Qxd4 Nf6 5. Bg5 Nc6 6. Qd3 Bg7 7. Nc3 d6 8.
Be2 Bd7 9. O-O O-O 10. Rfe1 Re8 11. a3 Qc7 12. h3 a6 13. Rad1 Be6 14. Qe3 b5
15. Bh6 Bh8 16. Ng5 Qd7 17. Nxe6 Qxe6 18. Nd5 Nxd5 19. exd5 Qxe3 20. fxe3 Nb8
21. b3 Nd7 22. Bf3 Rac8 23. Re2 a5 24. Rf1 a4 25. Rb1 Ne5 26. Be4 f5 27. Bd3
Nxd3 28. cxd3 Rc3 29. bxa4 bxa4 30. Reb2 Rcc8 31. Rb4 Ra8 32. Rc4 Bf6 33. Bf4
Ra5 34. e4 fxe4 35. dxe4 Rea8 36. Rcb4 Kg7 37. Rb7 R5a7 38. Bxd6 Kf8 39. Rb8+
Rxb8 40. Rxb8+ Kf7 41. Bb4 Be5 42. Rc8 h5 43. Kf1 g5 44. Rc2 Ra6 45. Bc3 Bxc3
46. Rxc3 Ke8 47. Kf2 Kf7 48. Rf3+ Rf6 49. Ke3 Rxf3+ 50. Kxf3 Kf6 51. Ke3 Ke5
52. g3 e6 53. dxe6 Kxe6 54. Kd4 Kd6 55. g4 hxg4 56. hxg4 Ke6 57. e5 Ke7 58. Kd5
Kd7 59. e6+ Ke7 60. Ke5 Ke8 61. Kf6 Kf8 62. Kxg5 Ke7 63. Kh6 Kxe6 64. g5 Kd5
65. g6 Kc4 66. g7 Kb3 67. g8=Q+ Kxa3 68. Kg5 Kb2 69. Qg7+ Kb3 70. Kf4 a3 71.
Ke3 Kc2 72. Qa1 Kb3 73. Kd4 a2 74. Qc3+ Ka4 75. Qb2 a1=Q 76. Qxa1+ Kb3 77. Qd1+
Kb2 78. Kd3 Ka2 79. Kc3 Ka3 80. Qa1# 1-0

[Event "DEM U12/U12w 2000"]
[Site "Überlingen GER"]
[Date "2000.06.05"]
[Round "4"]
[White "Müller, Christian"]
[Black "Kesten, Sebastian"]
[Result "1-0"]
[Termination "normal"]
[Board "34"]
[WhiteElo "914"]
[BlackElo "1047"]
[PlyCount "81"]
[BlackFideId "24616214"]
[EventCountry "GER"]
[EventRounds "11"]
[EventType "swiss"]
[EventDate "2000.06.03"]

1. d4 d5 2. c4 e6 3. Nc3 Nf6 4. Bg5 Nbd7 5. e3 c6 6. cxd5 exd5 7. Bd3 Be7 8.
Nge2 O-O 9. O-O Re8 10. Qd2 Nf8 11. Rfc1 Ne6 12. Bh4 g6 13. Rc2 Ng7 14. Rac1
Bf5 15. Bxf6 Bxf6 16. b4 a6 17. a4 Bxd3 18. Qxd3 Qd6 19. b5 axb5 20. axb5 Ne6
21. bxc6 bxc6 22. e4 Be7 23. Nd1 Ra3 24. Rc3 Rxc3 25. Qxc3 dxe4 26. Qxc6 Qxc6
27. Rxc6 Rd8 28. Rc4 Bf6 29. Ndc3 Nxd4 30. Nxe4 Nxe2+ 31. Kf1 Nc3 32. Nxf6+ Kg7
33. Rxc3 Kxf6 34. Ke2 h5 35. Kf3 Re8 36. Rc6+ Kf5 37. h3 Re5 38. g4+ hxg4+ 39.
hxg4+ Kg5 40. Kg3 f5 41. f4+ 1-0

[Event "DEM U12/U12w 2000"]
[Site "Überlingen GER"]
[Date "2000.06.05"]
[Round "4"]
[White "Donners, Ricardo"]
[Black "Elstner, Eik"]
[Result "0-1"]
[Termination "normal"]
[Board "35"]
[WhiteElo "884"]
[BlackElo "1027"]
[PlyCount "90"]
[BlackFideId "24605581"]
[EventCountry "GER"]
[EventRounds "11"]
[EventType "swiss"]
[EventDate "2000.06.03"]

1. e4 e5 2. Nf3 Nf6 3. Nxe5 Qe7 4. d4 d6 5. Nf3 Nxe4 6. Qe2 Bg4 7. Be3 d5 8.
Nbd2 Nc6 9. O-O-O h6 10. g3 Qd7 11. Bf4 Nxd4 12. Qe3 Bxf3 13. Nxf3 Nxf3 14.
Qxf3 Bc5 15. Be3 Bxe3+ 16. Qxe3 O-O 17. Bg2 Rfe8 18. Bxe4 Qa4 19. Rxd5 Rxe4 20.
Qf3 Rae8 21. a3 Re2 22. Qf5 g6 23. Qd3 Rxf2 24. Rd7 Qc6 25. Rd1 Ree2 26. Qb3
Qxc2+ 27. Qxc2 Rxc2+ 28. Kb1 Rxb2+ 29. Ka1 Rbc2 30. Kb1 Rxh2 31. Rf1 f5 32. Re1
Rhe2 33. Red1 Rc3 34. Rd8+ Kf7 35. R8d7+ Re7 36. Kb2 Rxd7 37. Rxd7+ Ke6 38. Rh7
Rxg3 39. Rxh6 f4 40. Rh8 f3 41. Rf8 Rg2+ 42. Kb3 f2 43. Kc3 g5 44. Kd3 g4 45.
Ke3 g3 0-1

[Event "DEM U12/U12w 2000"]
[Site "Überlingen GER"]
[Date "2000.06.05"]
[Round "4"]
[White "Ehrhardt, Eric"]
[Black "Klink, Otto"]
[Result "1-0"]
[Termination "normal"]
[Board "36"]
[WhiteElo "1022"]
[BlackElo "882"]
[PlyCount "61"]
[WhiteFideId "24602450"]
[EventCountry "GER"]
[EventRounds "11"]
[EventType "swiss"]
[EventDate "2000.06.03"]

1. e4 c5 2. d4 cxd4 3. c3 Nf6 4. e5 Nd5 5. cxd4 e6 6. Nc3 Bb4 7. Bd2 Bxc3 8.
Bxc3 Nc6 9. Nf3 b6 10. Bc4 Nce7 11. O-O Bb7 12. Qc2 Qc7 13. Bb3 Rc8 14. Rac1
O-O 15. Ng5 Ng6 16. h4 Rfd8 17. h5 Nf8 18. Rfd1 h6 19. Ne4 Qc6 20. Nd6 Nxc3 21.
Nxb7 Qxb7 22. bxc3 d5 23. exd6 Rxd6 24. Qe2 b5 25. Rd3 Nd7 26. Rg3 Nf6 27. Qe5
Qb6 28. Qxf6 g6 29. hxg6 fxg6 30. Rxg6+ Kh7 31. Qg7# 1-0

[Event "DEM U12/U12w 2000"]
[Site "Überlingen GER"]
[Date "2000.06.05"]
[Round "4"]
[White "Backes, Marco"]
[Black "Großmann, Susan"]
[Result "1-0"]
[Termination "normal"]
[Board "37"]
[WhiteElo "842"]
[BlackElo "1022"]
[PlyCount "109"]
[BlackFideId "24608220"]
[EventCountry "GER"]
[EventRounds "11"]
[EventType "swiss"]
[EventDate "2000.06.03"]

1. e4 g6 2. d4 Bg7 3. Nf3 d6 4. Bc4 Nf6 5. Nc3 O-O 6. Be3 Nxe4 7. Nxe4 d5 8.
Bxd5 Qxd5 9. Nc3 Qd8 10. Qd2 Bf5 11. Bh6 Nc6 12. O-O-O Re8 13. Bxg7 Kxg7 14. d5
Nb4 15. Qd4+ f6 16. Qxb4 b6 17. Nd4 Bc8 18. Rhe1 Qd6 19. Qa4 Bd7 20. Ne6+ Kf7
21. Nb5 Bxb5 22. Qxb5 a5 23. Qc6 Qxc6 24. dxc6 Ra7 25. Rd7 h5 26. Nd8+ Kf8 27.
Rxc7 Rxc7 28. Ne6+ Kf7 29. Nxc7 Rc8 30. Nd5 Rxc6 31. Rxe7+ Kf8 32. Rc7 Re6 33.
Rc8+ Kf7 34. Ne3 Ke7 35. Kd2 Kd7 36. Rc3 Ke7 37. Rd3 Ke8 38. Nc4 Rc6 39. Ne3
Re6 40. g4 h4 41. f4 g5 42. fxg5 fxg5 43. Nf5 Kf7 44. Rf3 Kg6 45. Re3 Rf6 46.
Ke2 Kf7 47. Nd4 Rf4 48. Rf3 Kf6 49. Rxf4+ gxf4 50. Kf3 Ke5 51. c3 h3 52. Ne2 b5
53. Nxf4 b4 54. cxb4 axb4 55. Nd3+ 1-0

[Event "DEM U12/U12w 2000"]
[Site "Überlingen GER"]
[Date "2000.06.05"]
[Round "4"]
[White "Gossmann, Anna Maria"]
[Black "Muelenz, Claudius"]
[Result "0-1"]
[Termination "normal"]
[Board "38"]
[WhiteElo "820"]
[BlackElo "1015"]
[PlyCount "92"]
[EventCountry "GER"]
[EventRounds "11"]
[EventType "swiss"]
[EventDate "2000.06.03"]

1. e4 c5 2. Nf3 e6 3. d4 cxd4 4. Nxd4 a6 5. Nc3 Qc7 6. Be3 Nf6 7. Be2 Be7 8.
O-O Nc6 9. f4 d6 10. Bf3 Bd7 11. Qe1 e5 12. Nb3 O-O 13. Qg3 Kh8 14. f5 b5 15.
Bg5 h6 16. Bxf6 Bxf6 17. Nd5 Qd8 18. Qh3 a5 19. Kh1 a4 20. Nd2 Nd4 21. c3 Nxf3
22. Nxf3 Bc6 23. Rg1 Bxd5 24. exd5 a3 25. b3 Rc8 26. Rac1 Rc5 27. g4 Bg5 28.
Rc2 Rxd5 29. Qh5 e4 30. Nd4 Kg8 31. h3 Qe7 32. Rh2 Bf4 33. Rhg2 Be3 34. Rd1
Bxd4 35. cxd4 e3 36. g5 hxg5 37. Rxg5 e2 38. Re1 Rxd4 39. f6 Qxf6 40. Rxe2 Rd1+
41. Kh2 Qf4+ 42. Kg2 Qf1+ 43. Kg3 Qg1+ 44. Kf3 Rf1+ 45. Ke4 Re8+ 46. Kd5 Qc5#
0-1

[Event "DEM U12/U12w 2000"]
[Site "Überlingen GER"]
[Date "2000.06.05"]
[Round "4"]
[White "Dathe, Fabian"]
[Black "Riedel, Kristina"]
[Result "1-0"]
[Termination "normal"]
[Board "39"]
[WhiteElo "1004"]
[BlackElo "765"]
[PlyCount "67"]
[BlackFideId "24659282"]
[EventCountry "GER"]
[EventRounds "11"]
[EventType "swiss"]
[EventDate "2000.06.03"]

1. e4 e5 2. Nf3 Nc6 3. Nc3 Nf6 4. d4 exd4 5. Nxd4 Bc5 6. Nxc6 bxc6 7. Bg5 O-O
8. Be2 Re8 9. O-O Qe7 10. Kh1 Qe6 11. Bxf6 Qxf6 12. f3 Rb8 13. Rb1 Qh6 14. Qe1
d6 15. Bc4 d5 16. Bb3 Bd6 17. g3 Bd7 18. Qf2 d4 19. Ne2 c5 20. Rfd1 Be6 21.
Bxe6 Rxe6 22. c3 dxc3 23. Nxc3 Rbe8 24. Na4 Rg6 25. Rg1 Re5 26. Rbc1 Reg5 27.
g4 Qh3 28. Rgd1 Rh6 29. Rc2 g6 30. Nxc5 Bxc5 31. Rxc5 Rxc5 32. Rd8+ Kg7 33.
Qd4+ f6 34. Qd7# 1-0

[Event "DEM U12/U12w 2000"]
[Site "Überlingen GER"]
[Date "2000.06.05"]
[Round "4"]
[White "Dietzen, Corinna"]
[Black "Glowna, Uwe"]
[Result "0-1"]
[Termination "normal"]
[Board "40"]
[WhiteElo "385"]
[BlackElo "1001"]
[PlyCount "92"]
[WhiteFideId "24621021"]
[EventCountry "GER"]
[EventRounds "11"]
[EventType "swiss"]
[EventDate "2000.06.03"]

1. e4 e6 2. d4 d5 3. Nc3 Bb4 4. e5 c5 5. Nf3 Nc6 6. a3 cxd4 7. Nxd4 Bxc3+ 8.
bxc3 Nxe5 9. Qe2 Qc7 10. Nb5 Qb8 11. Bf4 f6 12. Bg3 Bd7 13. Rb1 Ne7 14. f4 Bxb5
15. Qxb5+ Nd7 16. f5 e5 17. Rd1 Nxf5 18. Rxd5 Qc7 19. Bc4 Ne3 20. Rd3 Nxc4 21.
Qb4 O-O-O 22. O-O Qb6+ 23. Bf2 Qxb4 24. cxb4 Ndb6 25. Rc3 Kb8 26. Bxb6 Nxb6 27.
h3 Nd5 28. Rd3 Nf4 29. Rc3 Ne2+ 30. Kh1 Nxc3 31. Rf3 Rd1+ 32. Kh2 Rc8 33. h4
Ne2 34. Rf2 Rxc2 35. h5 h6 36. b5 Rcd2 37. a4 Nf4 38. Rxd2 Rxd2 39. a5 Rxg2+
40. Kh1 Rg5 41. a6 b6 42. Kh2 e4 43. Kh1 e3 44. Kh2 e2 45. Kh1 e1=Q+ 46. Kh2
Rg2# 0-1

[Event "DEM U12/U12w 2000"]
[Site "Überlingen GER"]
[Date "2000.06.05"]
[Round "4"]
[White "Opaska, Ines"]
[Black "Scholz, Katharina"]
[Result "1-0"]
[Termination "normal"]
[Board "41"]
[WhiteElo "990"]
[BlackElo "750"]
[PlyCount "117"]
[EventCountry "GER"]
[EventRounds "11"]
[EventType "swiss"]
[EventDate "2000.06.03"]

1. c4 e5 2. Nc3 Nf6 3. Nf3 Nc6 4. g3 d5 5. cxd5 Nxd5 6. Bg2 Be6 7. O-O Be7 8.
e3 O-O 9. d4 exd4 10. Nxd4 Nxc3 11. bxc3 Bd5 12. Nxc6 Bxc6 13. Bxc6 bxc6 14.
Rb1 Qd5 15. Bb2 Rfd8 16. Qd4 Bf6 17. c4 Bxd4 18. cxd5 Bxb2 19. Rxb2 cxd5 20.
Rc1 Rdc8 21. Rbc2 h6 22. Rxc7 Rxc7 23. Rxc7 Rd8 24. Rxa7 d4 25. exd4 Rxd4 26.
Ra8+ Kh7 27. Kf1 Kg6 28. Ke2 Kf6 29. Ke3 Rd1 30. a4 Ke6 31. a5 Kd7 32. a6 Kc7
33. Ra7+ Kb6 34. Rxf7 Kxa6 35. Rxg7 Rd6 36. f4 Kb5 37. Rh7 Kc5 38. Ke4 Kc6 39.
f5 Kc5 40. Ke5 Rd5+ 41. Kf6 Rd6+ 42. Kg7 Rd5 43. Rxh6 Rxf5 44. Kg6 Rd5 45. Rh5
Kd6 46. Rxd5+ Kxd5 47. g4 Ke6 48. h4 Ke7 49. g5 Kf8 50. h5 Kg8 51. Kf6 Kh8 52.
g6 Kg8 53. h6 Kh8 54. g7+ Kg8 55. h7+ Kxh7 56. Kf7 Kh6 57. g8=Q Kh5 58. Qg3 Kh6
59. Qg6# 1-0

[Event "DEM U12/U12w 2000"]
[Site "Überlingen GER"]
[Date "2000.06.05"]
[Round "4"]
[White "Bodenschatz, Monique"]
[Black "Varbelow, Richard"]
[Result "0-1"]
[Termination "normal"]
[Board "42"]
[WhiteElo "350"]
[BlackElo "968"]
[PlyCount "110"]
[EventCountry "GER"]
[EventRounds "11"]
[EventType "swiss"]
[EventDate "2000.06.03"]

1. e4 c6 2. Nf3 d5 3. exd5 cxd5 4. d4 Bg4 5. Bb5+ Nc6 6. Nc3 e6 7. O-O Bb4 8.
Bd2 Nf6 9. Na4 Bxd2 10. Qxd2 Bxf3 11. Nc5 Bxg2 12. Kxg2 Rb8 13. Qg5 O-O 14. Rg1
Kh8 15. Bd3 Nxd4 16. c3 Nc6 17. Kf1 Rg8 18. Qh4 Ne5 19. Be2 Nfd7 20. Nxd7 Qxh4
21. Nxb8 Rxb8 22. Re1 Qh3+ 23. Rg2 Nd3 24. Bg4 Qh4 25. Re3 Nf4 26. Rgg3 Qxh2
27. Ref3 Qh6 28. Bh3 Nxh3 29. Rxh3 Qc1+ 30. Kg2 Kg8 31. Rh4 Qxb2 32. Rg3 Qxa2
33. Rhg4 g6 34. Rh4 h5 35. Rf4 a5 36. Rf6 a4 37. Rgf3 Rf8 38. R6f4 b5 39. Rb4
Rb8 40. Rd4 a3 41. Rdf4 Rb7 42. Rb4 Qa1 43. Rb3 a2 44. Re3 Qb1 45. Rxb1 axb1=Q
46. Kf3 b4 47. cxb4 Rxb4 48. Ra3 Rb3+ 49. Rxb3 Qxb3+ 50. Kg2 d4 51. f3 d3 52.
Kf2 d2 53. Kg3 d1=Q 54. Kf4 Qbxf3+ 55. Ke5 Qdd5# 0-1

[Event "DEM U12/U12w 2000"]
[Site "Überlingen GER"]
[Date "2000.06.05"]
[Round "4"]
[White "Stelter, Christoph"]
[Black "Schöttler, Katharina"]
[Result "0-1"]
[Termination "normal"]
[Board "43"]
[WhiteElo "959"]
[BlackElo "668"]
[PlyCount "75"]
[EventCountry "GER"]
[EventRounds "11"]
[EventType "swiss"]
[EventDate "2000.06.03"]

1. e4 e5 2. Nf3 Nc6 3. Bc4 Bc5 4. c3 Nf6 5. d4 exd4 6. cxd4 Bb4+ 7. Bd2 Bxd2+
8. Nbxd2 d5 9. exd5 Nxd5 10. Qb3 Nce7 11. O-O O-O 12. h3 b6 13. Rfe1 Bb7 14.
Qc2 Re8 15. Ne5 Nc6 16. Bb5 Nxd4 17. Qc4 Nxb5 18. Qxb5 Nf6 19. Ndf3 Qd5 20. Qb4
c5 21. Qc3 Ne4 22. Qd3 Qxd3 23. Nxd3 Nd6 24. Nd2 Ne4 25. Nxc5 bxc5 26. Nxe4
Rxe4 27. Red1 Rd4 28. Re1 Kf8 29. Re2 Re8 30. Rc2 c4 31. Rac1 Rc8 32. f3 Ke7
33. Kf2 Kd6 34. b3 Kd5 35. bxc4+ Rcxc4 36. Rxc4 Rxc4 37. Rxc4 Kxc4 38. Ke3 0-1

[Event "DEM U12/U12w 2000"]
[Site "Überlingen GER"]
[Date "2000.06.05"]
[Round "4"]
[White "Walker, Maria"]
[Black "Roj, Michaela"]
[Result "0-1"]
[Termination "normal"]
[Board "44"]
[WhiteElo "844"]
[BlackElo "1028"]
[PlyCount "46"]
[EventCountry "GER"]
[EventRounds "11"]
[EventType "swiss"]
[EventDate "2000.06.03"]

1. d4 d5 2. Nf3 Nc6 3. e3 a6 4. c3 Bd7 5. Bd3 e6 6. Nbd2 Bd6 7. O-O Nf6 8. e4
O-O 9. e5 Be7 10. exf6 Bxf6 11. Nb3 b6 12. Qc2 e5 13. dxe5 Nxe5 14. Nxe5 Bxe5
15. Bxh7+ Kh8 16. Bf5 Qc8 17. Bxd7 Qxd7 18. Qe2 Rae8 19. Qh5+ Kg8 20. Nd4 Re7
21. Rd1 Qe8 22. b3 Bxd4 23. Rxd4 Re1# 0-1

[Event "DEM U12/U12w 2000"]
[Site "Überlingen GER"]
[Date "2000.06.05"]
[Round "4"]
[White "Hammerich, Nadine"]
[Black "Slobodan, Nadja"]
[Result "1-0"]
[Termination "normal"]
[Board "45"]
[WhiteElo "675"]
[BlackElo "766"]
[PlyCount "81"]
[EventCountry "GER"]
[EventRounds "11"]
[EventType "swiss"]
[EventDate "2000.06.03"]

1. e4 c6 2. d4 d5 3. exd5 cxd5 4. Nf3 Nc6 5. Bb5 a6 6. Ba4 b5 7. Bb3 Nf6 8. Bf4
Bg4 9. O-O e6 10. Nc3 Bb4 11. Qe2 Nxd4 12. Qe3 Nxf3+ 13. gxf3 Bh3 14. Rfd1 O-O
15. a3 Bxc3 16. Qxc3 Rc8 17. Qb4 Qb6 18. Be3 Qb7 19. Bc5 Rfe8 20. Rd3 Red8 21.
Be7 Rd7 22. Bxf6 gxf6 23. Qh4 Bf5 24. Re3 Kg7 25. f4 Bxc2 26. Rg3+ Kf8 27. Bxc2
Rxc2 28. Qxf6 d4 29. Qh6+ Ke7 30. Qg5+ Kd6 31. Qe5+ Kc6 32. Qe4+ Kb6 33. Qxc2
Qd5 34. Qc8 d3 35. Qb8+ Ka5 36. b4+ Ka4 37. Qe5 Kb3 38. Qe1 Kc2 39. Qc1+ Kb3
40. Rb1+ Ka2 41. Qb2# 1-0

[Event "DEM U12/U12w 2000"]
[Site "Überlingen GER"]
[Date "2000.06.05"]
[Round "4"]
[White "Tovmasian, Nelli"]
[Black "Popovic, Nathalie"]
[Result "1-0"]
[Termination "normal"]
[Board "46"]
[WhiteElo "702"]
[BlackElo "745"]
[PlyCount "85"]
[WhiteFideId "24611735"]
[BlackFideId "24630292"]
[EventCountry "GER"]
[EventRounds "11"]
[EventType "swiss"]
[EventDate "2000.06.03"]

1. e4 e5 2. Nf3 Nc6 3. Bc4 Bc5 4. d3 Nf6 5. O-O O-O 6. Nc3 h6 7. Be3 d6 8. a3
a6 9. b4 Ba7 10. Ne2 Bg4 11. Ng3 Nd4 12. Bxd4 Bxd4 13. Ra2 b5 14. Bb3 d5 15. h3
Bxf3 16. Qxf3 c6 17. Nf5 Ne8 18. Qg3 Kh7 19. Nxd4 exd4 20. Qe5 Nf6 21. exd5
cxd5 22. Qxd4 Re8 23. Raa1 Qd6 24. Rfe1 Rac8 25. Rac1 Rxe1+ 26. Rxe1 Rd8 27.
Re5 Kg8 28. Kf1 Qd7 29. f4 Qd6 30. g4 g5 31. fxg5 hxg5 32. Rxg5+ Kf8 33. Rf5
Kg7 34. g5 Kf8 35. Rxf6 Qd7 36. Qc5+ Kg7 37. Kg2 Kg8 38. Qd4 Qb7 39. Rh6 Kf8
40. Rh8+ Ke7 41. Qf6+ Kd7 42. Rxd8+ Kc7 43. Qd6# 1-0

[Event "DEM U12/U12w 2000"]
[Site "Überlingen GER"]
[Date "2000.06.05"]
[Round "4"]
[White "Mayer, Carina"]
[Black "Goedeke-Tort, Maheba"]
[Result "0-1"]
[Termination "normal"]
[Board "47"]
[WhiteElo "401"]
[BlackElo "916"]
[PlyCount "98"]
[EventCountry "GER"]
[EventRounds "11"]
[EventType "swiss"]
[EventDate "2000.06.03"]

1. e4 e5 2. Nf3 Nc6 3. Nc3 Nf6 4. Bc4 Nxe4 5. Nxe4 d5 6. Bb5 dxe4 7. Bxc6+ bxc6
8. Nxe5 Qd6 9. Ng4 Bxg4 10. Qxg4 Qd5 11. O-O f5 12. Qe2 Bd6 13. c4 Qe5 14. g3
O-O 15. d3 Rae8 16. Rb1 exd3 17. Qxd3 Qe4 18. Qxe4 Rxe4 19. b3 Rfe8 20. Bd2 Re2
21. Rbe1 Kf7 22. Rxe2 Rxe2 23. Bf4 Bxf4 24. gxf4 Rxa2 25. Rd1 Ke6 26. Re1+ Kd6
27. Kg2 Rb2 28. Re3 Kc5 29. Rg3 g6 30. Kh3 Kb4 31. Kh4 Rxb3 32. Rxb3+ Kxb3 33.
Kg5 a5 34. h4 a4 35. Kh6 a3 36. Kxh7 a2 37. Kxg6 a1=Q 38. h5 Qg1+ 39. Kxf5 Kxc4
40. h6 Kd5 41. h7 Qg7 42. f3 Qxh7+ 43. Kf6 Qh4+ 44. Kf5 c5 45. Kg6 Qxf4 46. Kg7
Ke6 47. Kh7 Qg3 48. Kh6 Kf6 49. Kh7 Qg7# 0-1

[Event "DEM U12/U12w 2000"]
[Site "Überlingen GER"]
[Date "2000.06.05"]
[Round "4"]
[White "Hahn, Eva-Katharina"]
[Black "Kessler, Paul"]
[Result "0-1"]
[Termination "normal"]
[Board "48"]
[WhiteElo "392"]
[BlackElo "654"]
[PlyCount "74"]
[EventCountry "GER"]
[EventRounds "11"]
[EventType "swiss"]
[EventDate "2000.06.03"]

1. d4 f5 2. e3 Nf6 3. Bc4 d6 4. Qf3 h6 5. Bb5+ c6 6. Ba4 g5 7. d5 Nxd5 8. Qxd5
a6 9. Qd4 e5 10. Qd5 b5 11. Qf3 bxa4 12. Qh5+ Ke7 13. Nc3 Nd7 14. Nxa4 Nf6 15.
Qg6 Rg8 16. Qxg8 Nxg8 17. f4 Qa5+ 18. Bd2 Qxa4 19. b3 Qb5 20. c4 Qb6 21. fxg5
hxg5 22. Nf3 g4 23. Ng5 Bh6 24. e4 f4 25. h4 gxh3 26. Nxh3 Nf6 27. Nf2 Bg7 28.
Bxf4 exf4 29. e5 dxe5 30. g3 fxg3 31. Rh2 gxh2 32. c5 Qxc5 33. Rc1 Qxc1+ 34.
Ke2 Bg4+ 35. Nxg4 Nxg4 36. a3 h1=Q 37. b4 Qhf1# 0-1

[Event "DEM U12/U12w 2000"]
[Site "Überlingen GER"]
[Date "2000.06.09"]
[Round "9"]
[White "Lutz, Dieter"]
[Black "Armbrust, Florian"]
[Result "1/2-1/2"]
[Termination "normal"]
[Board "1"]
[WhiteElo "2185"]
[BlackElo "1747"]
[PlyCount "78"]
[WhiteFideId "4667565"]
[BlackFideId "4691350"]
[EventCountry "GER"]
[EventRounds "11"]
[EventType "swiss"]
[EventDate "2000.06.03"]

1. Nf3 d5 2. b3 Nf6 3. e3 Nbd7 4. Bb2 e6 5. d3 Bd6 6. Nbd2 O-O 7. c4 dxc4 8.
Nxc4 Bb4+ 9. Ncd2 Nc5 10. Qc2 b6 11. a3 Bxd2+ 12. Nxd2 Ba6 13. Nc4 Nd5 14. b4
Nd7 15. Be2 c5 16. O-O Rc8 17. b5 Bxb5 18. Nd6 Bc6 19. Nxc8 Qxc8 20. Bf3 Qd8
21. Bxd5 exd5 22. e4 Nf6 23. Bxf6 Qxf6 24. f3 Bb5 25. Rfd1 Qd4+ 26. Kh1 Ba4 27.
Qe2 Bxd1 28. Rxd1 Re8 29. Qc2 Kf8 30. exd5 Qxd5 31. Qa4 Re7 32. h3 Rd7 33. Qf4
f6 34. Qe3 Qd4 35. Qe6 Re7 36. Qc6 Kf7 37. Qc8 Qa4 38. Ra1 Qe8 39. Qa6 Re1+
1/2-1/2

[Event "DEM U12/U12w 2000"]
[Site "Überlingen GER"]
[Date "2000.06.09"]
[Round "9"]
[White "Braun, Arik"]
[Black "Siebarth, Raiko"]
[Result "0-1"]
[Termination "normal"]
[Board "2"]
[WhiteElo "2139"]
[BlackElo "1488"]
[PlyCount "78"]
[WhiteFideId "4663527"]
[BlackFideId "4674766"]
[EventCountry "GER"]
[EventRounds "11"]
[EventType "swiss"]
[EventDate "2000.06.03"]

1. d4 Nf6 2. c4 g6 3. Nc3 Bg7 4. e4 d6 5. Be2 O-O 6. Nf3 e5 7. O-O Nc6 8. d5
Ne7 9. Ne1 Ne8 10. Be3 f5 11. f3 f4 12. Bf2 g5 13. Nd3 Nf6 14. c5 h5 15. cxd6
cxd6 16. Rc1 Bd7 17. Qb3 b6 18. Nxe5 dxe5 19. d6+ Kh8 20. dxe7 Qxe7 21. Bc4 g4
22. Kh1 Qe8 23. Nd5 Nxd5 24. Bxd5 Rc8 25. Qa3 Rxc1 26. Rxc1 Qb8 27. Qe7 Rc8 28.
Rd1 Rc7 29. Bf7 Qf8 30. Qxf8+ Bxf8 31. Bxh5 gxf3 32. gxf3 Ba4 33. b3 Bb5 34.
Rd5 Rc1+ 35. Bg1 Bc5 36. Rxc5 bxc5 37. Kg2 Bf1+ 38. Kh1 Rc2 39. Bf2 Bh3 0-1

[Event "DEM U12/U12w 2000"]
[Site "Überlingen GER"]
[Date "2000.06.09"]
[Round "9"]
[White "Frübing, Stefan"]
[Black "Behm, Simon"]
[Result "1-0"]
[Termination "normal"]
[Board "4"]
[WhiteElo "1724"]
[BlackElo "1712"]
[PlyCount "45"]
[WhiteFideId "4682165"]
[BlackFideId "4691962"]
[EventCountry "GER"]
[EventRounds "11"]
[EventType "swiss"]
[EventDate "2000.06.03"]

1. e4 c6 2. d4 d5 3. exd5 cxd5 4. Bd3 Nc6 5. c3 Nf6 6. h3 e6 7. Nf3 Bd6 8. O-O
O-O 9. Re1 Bd7 10. Ne5 Qc7 11. Qe2 a6 12. Bg5 Be7 13. Nd2 Na5 14. Rac1 b5 15.
Bb1 g6 16. Qf3 Qd8 17. Bxf6 Bxf6 18. Nxd7 Bg5 19. Nxf8 Bxd2 20. Nxh7 Bxc1 21.
Rxc1 Kxh7 22. Qxf7+ Kh8 23. Qxg6 1-0

[Event "DEM U12/U12w 2000"]
[Site "Überlingen GER"]
[Date "2000.06.09"]
[Round "9"]
[White "Brener, Ilja"]
[Black "Mijatovic, Vladimir"]
[Result "0-1"]
[Termination "normal"]
[Board "5"]
[WhiteElo "1701"]
[BlackElo "1389"]
[PlyCount "134"]
[WhiteFideId "4688201"]
[BlackFideId "934062"]
[EventCountry "GER"]
[EventRounds "11"]
[EventType "swiss"]
[EventDate "2000.06.03"]

1. d4 f5 2. g3 g6 3. Bg2 Nf6 4. Nf3 Bg7 5. O-O O-O 6. c4 d6 7. Nc3 Qe8 8. d5 c5
9. Qd3 Na6 10. a3 h6 11. h4 Kh7 12. Rb1 b6 13. b4 Bd7 14. b5 Nc7 15. Bb2 Ng4
16. e3 Bf6 17. Rfc1 g5 18. hxg5 hxg5 19. Kf1 Kg7 20. Ke2 Rh8 21. Rh1 Qg6 22.
Rbf1 Kf7 23. a4 a6 24. Ra1 axb5 25. axb5 Rxh1 26. Rxh1 Ne5 27. Nxe5+ Bxe5 28.
g4 Qf6 29. gxf5 Bxf5 30. e4 Bg6 31. Qf3 Bd4 32. Qxf6+ exf6 33. Nd1 Ra2 34. Rh8
Bxb2 35. Nxb2 Rxb2+ 36. Ke3 Ne8 37. Rh1 Rc2 38. Ra1 Rxc4 39. Ra7+ Kf8 40. Rb7
Rc3+ 41. Kd2 Rb3 42. Rxb6 c4 43. Kc2 Ke7 44. f3 Kd8 45. Kc1 Kc7 46. Rc6+ Kb7
47. Rxc4 Rxb5 48. Kd1 f5 49. Ke2 fxe4 50. fxe4 Nf6 51. Ke3 Rc5 52. Rb4+ Kc7 53.
Kd4 Rc2 54. Bh1 Rh2 55. Rb1 Nxe4 56. Bxe4 Rh4 57. Re1 Rxe4+ 58. Rxe4 Bxe4 59.
Kxe4 Kb6 60. Kf5 Kc5 61. Kxg5 Kxd5 62. Kf4 Kd4 63. Kf3 Kd3 64. Kf2 d5 65. Ke1
Kc2 66. Ke2 d4 67. Ke1 d3 0-1

[Event "DEM U12/U12w 2000"]
[Site "Überlingen GER"]
[Date "2000.06.09"]
[Round "9"]
[White "Wenger, Carsten"]
[Black "Rehberg, Raphael"]
[Result "1/2-1/2"]
[Termination "normal"]
[Board "6"]
[WhiteElo "1567"]
[BlackElo "1483"]
[PlyCount "112"]
[BlackFideId "4686799"]
[EventCountry "GER"]
[EventRounds "11"]
[EventType "swiss"]
[EventDate "2000.06.03"]

1. e4 e5 2. Nf3 d6 3. d4 exd4 4. Nxd4 Nf6 5. Nc3 Be7 6. Be3 O-O 7. Bc4 a6 8.
Qf3 Bg4 9. Qf4 Qd7 10. h3 Be6 11. Be2 c5 12. Nb3 Nc6 13. Rd1 Qc8 14. Na4 Nd7
15. Qg3 Kh8 16. Nd2 Rd8 17. O-O d5 18. exd5 Bxd5 19. Nb3 Bxb3 20. axb3 b5 21.
Nc3 Nf6 22. Bf3 Rxd1 23. Rxd1 Ra7 24. Nd5 Nxd5 25. Rxd5 Nd4 26. Bxd4 cxd4 27.
Rxd4 Bf6 28. Bg4 Qe8 29. Re4 Re7 30. Rxe7 Qxe7 31. Qb8+ Qd8 32. Qxd8+ Bxd8 33.
b4 Bf6 34. c3 Bg5 35. Bc8 Bc1 36. b3 Bd2 37. c4 Bxb4 38. Bxa6 bxc4 39. Bxc4 Kg8
40. Kf1 Kf8 41. Ke2 Ke7 42. Kd3 f6 43. Bg8 h6 44. Kc4 Be1 45. f3 Kd6 46. b4 Kc6
47. b5+ Kb6 48. Bd5 Bf2 49. Bc6 h5 50. Kd5 Bg3 51. Ke6 Be5 52. Kf7 g5 53. Kg6
h4 54. Kf5 Bd4 55. f4 Bc3 56. fxg5 fxg5 1/2-1/2